| 000 | 00705nam a2200181Ia 4500 | ||
|---|---|---|---|
| 008 | 100920s9999 xx 000 0 und d | ||
| 082 |
_b63843 _a61 थ 59 |
||
| 100 | _a--- | ||
| 245 | _aमुंबई पोलिस पत्रकिा. | ||
| 260 |
_bमुंबई सरकारच्या प्रसिध्दी खात्याकडून प्रकाशित. _c1959 |
||
| 300 |
_a57 _bसाधी |
||
| 365 | _b0.5 | ||
| 520 | _aस्थानिक वाचन. | ||
| 630 | _aमुंबई पोलिस पत्रकिा. | ||
| 650 | _aस्थानिक वाचन. | ||
| 730 | _aमुंबई पोलिस पत्रकिा. | ||
| 942 | _cBOOK | ||
| 999 |
_c706922 _d706919 |
||